| 000 | 00846nam a2200265 a 4500 | ||
|---|---|---|---|
| 001 | 000021519 | ||
| 005 | 20200930011343.0 | ||
| 008 | 100908s1995 xxua r 000 0 spa d | ||
| 020 | _a020160101X | ||
| 040 |
_aDO-SdBNP _bspa _cBNPHU |
||
| 082 |
_a621.3192 _bN712c, 1995 |
||
| 100 | 1 |
_aNilsson, James W. _944847 |
|
| 245 | 1 | 0 |
_aCircuitos eléctricos / _cJames W. Nilsson. |
| 250 | _a4a ed. | ||
| 260 |
_aDelaware, Estados Unidos : _bAddison-Wesley Iberoamericana, _c1995. |
||
| 300 |
_axxiv, 981 p. : _bil., diag. ; _c23 cm. |
||
| 500 | _aIncluye índice de materias. | ||
| 650 | 4 |
_aCircuitos eléctricos _925833 |
|
| 700 | 1 |
_aRidel, Susan _944848 |
|
| 700 | 1 |
_aShattuck, David P. _944849 |
|
| 700 | 1 |
_aWittels, Norman _944850 |
|
| 700 | 1 |
_aMorales Peake, Ernesto _944851 |
|
| 700 | 1 |
_aSebastián Franco, José Luis _944852 |
|
| 049 | _aBNGR | ||
| 999 |
_c21019 _d21019 |
||